Music Quiz

Random Music or Kpop Quiz

Click the NCT Members Quiz Stats

 Plays Quiz Updated Sep 3, 2019

Score 0/18 Timer 06:00
41 Plays Today
% Correct
Taeyong
92%
Mark
91.6%
Johnny
90.8%
Lucas
90.3%
Doyoung
86.6%
Ten
86.5%
Yuta
84.6%
Chenle
83.7%
Haechan
83.6%
% Correct
WinWin
83.5%
Jisung
82.4%
Jaehyun
77.6%
Jungwoo
77.2%
Taeil
75.8%
Jeno
75.8%
Renjun
74.9%
Jaemin
74.5%
Kun
73%

You're not logged in!

Compare scores with friends on all Sporcle quizzes.
OR
Log In

Sporcle TV

Today on Sporcle TV


Watch our educational content, quiz creation guides, and fun videos on Sporcle TV.

Show Comments

Extras

Top Quizzes Today


Score Distribution

Your Account Isn't Verified!

In order to create a playlist on Sporcle, you need to verify the email address you used during registration. Go to your Sporcle Settings to finish the process.

Report this User

Report this user for behavior that violates our Community Guidelines.

Details: